| 000 | 00616nam a2200229Ia 4500 | ||
|---|---|---|---|
| 003 | GCL | ||
| 008 | 140319s9999 xx 000 0 eng d | ||
| 020 | _a0887295568 | ||
| 040 |
_aGCL / _cGCL |
||
| 082 | 0 | 4 |
_a914.69 _bA I |
| 100 | 1 | _aFLETCHER, PAUL | |
| 245 | 1 | 0 |
_aPORTUGAL / _cFLETCHER, PAUL |
| 700 | 1 | _aFLETCHER, PAUL | |
| 700 | 1 | _aREAD, MARK | |
| 260 |
_aسيراليون : _bAPA PUBLICATION LTD ، _c1996 |
||
| 300 |
_a104 P _bCOL.ILL, MAPS ؛ _c20 cm. |
||
| 490 |
_aINSIGHT GUIDES _v0 |
||
| 650 | 0 | 4 | _aPORTUGAL |
| 650 | 0 | 4 | _aGUIDE BOOKS |
| 650 | 0 | 4 | _aPORTUGAL - DESCRIPTION AND TRAVELS |
| 942 |
_2ddc _cBK |
||
| 999 |
_c4493 _d4493 |
||